| 000 -ლიდერი |
| ფიქსირებული სიგრძის საკონტროლო ველი |
00918nam a22002057a 4500 |
| 003 - საკონტროლო ნომრის იდენტიფიკატორი |
| საკონტროლო ველი |
Ge_BSU |
| 005 - ბოლო ოპერაციის თარიღი და დრო |
| საკონტროლო ველი |
20221215114227.0 |
| 008 - ფიქსირებული სიგრძის მონაცემთა ელემენტები - ზოგადი ინფორმაცია |
| ფიქსირებული სიგრძის საკონტროლო ველი |
221215s1974ge xxu||||| |||| 00| 0 geo d |
| 041 ## - ენის კოდი |
| Language code of text/sound track or separate title |
geo |
| 080 ## - უნივერსალური ათობითი კლასიფიკაციის ინდექსი |
| Universal Decimal Classification number |
821.161.1-31 კ-15 |
| 100 ## - მთავარი ჩანაწერი - პიროვნების სახელი |
| Personal name |
კაზანცევი, ალ., ავტ. |
| 9 (RLIN) |
16425 |
| 245 ## - ცნობა სათაურის შესახებ |
| Title |
ალმოდებული კუნძული : |
| Remainder of title |
[რომანი] / |
| Statement of responsibility, etc |
ალ. კაზანცევი ; რუს. თარგმნა ნ. ჯოლოხავამ. |
| 264 ## - წარმოების, გამოცემის, დისტრიბუციის და სხვა ცნობები |
| გამოცემის, წარმოების, დისტრიბუციის... ადგილი |
თბილისი : |
| გამოცემის, წარმოების, დისტრიბუციის... სახელწოდება |
ნაკადული, |
| გამოცემის, წარმოების, დისტრიბუციის... თარიღი |
1974. |
| 300 ## - ფიზიკური აღწერა |
| Extent |
499 გვ. ; |
| Other physical details |
21 სმ. |
| 440 ## - სერიის ცნობა / დამატებულია ჩანაწერი - სათაური |
| Title |
სათავგადასავლო ბიბლიოთეკა ; 28 |
| 9 (RLIN) |
16426 |
| 653 ## - INDEX TERM--UNCONTROLLED |
| Uncontrolled term |
ალმოდებული კუნძული |
| 653 ## - INDEX TERM--UNCONTROLLED |
| Uncontrolled term |
რომანი |
| 700 ## - ADDED ENTRY--PERSONAL NAME |
| Personal name |
ჯოლოხავა, ნ |
| Relator term |
მთარგმნელი |
| 9 (RLIN) |
16427 |
| 942 ## - ADDED ENTRY ELEMENTS (KOHA) |
| Source of classification or shelving scheme |
|
| Koha item type |
წიგნი |